<?xml version="1.0" encoding="UTF-8"?>
<record
    xmlns:xsi="http://www.w3.org/2001/XMLSchema-instance"
    xsi:schemaLocation="http://www.loc.gov/MARC21/slim http://www.loc.gov/standards/marcxml/schema/MARC21slim.xsd"
    xmlns="http://www.loc.gov/MARC21/slim">

  <leader>00370nam a2200145Ia 4500</leader>
  <controlfield tag="008">230411s9999    xx            000 0 und d</controlfield>
  <datafield tag="020" ind1=" " ind2=" ">
    <subfield code="a">81-86361-64-2</subfield>
  </datafield>
  <datafield tag="041" ind1=" " ind2=" ">
    <subfield code="a">eng</subfield>
  </datafield>
  <datafield tag="082" ind1=" " ind2=" ">
    <subfield code="a">F/610.7309/MAN/B01778</subfield>
  </datafield>
  <datafield tag="100" ind1=" " ind2=" ">
    <subfield code="a">Manelkar R K</subfield>
  </datafield>
  <datafield tag="245" ind1=" " ind2=" ">
    <subfield code="a">History of Nursing</subfield>
  </datafield>
  <datafield tag="260" ind1=" " ind2=" ">
    <subfield code="b">Vora Medical Publications</subfield>
    <subfield code="a">Mumbai</subfield>
    <subfield code="c">2001</subfield>
  </datafield>
  <datafield tag="300" ind1=" " ind2=" ">
    <subfield code="a">89p</subfield>
  </datafield>
  <datafield tag="999" ind1=" " ind2=" ">
    <subfield code="c">153021</subfield>
    <subfield code="d">153021</subfield>
  </datafield>
  <datafield tag="952" ind1=" " ind2=" ">
    <subfield code="0">0</subfield>
    <subfield code="1">0</subfield>
    <subfield code="4">0</subfield>
    <subfield code="7">0</subfield>
    <subfield code="8">F</subfield>
    <subfield code="a">BTIN</subfield>
    <subfield code="b">BTIN</subfield>
    <subfield code="d">2004-07-10</subfield>
    <subfield code="e">B.J.Medical Co-oprative College Stores</subfield>
    <subfield code="g">45.00</subfield>
    <subfield code="i">590</subfield>
    <subfield code="l">0</subfield>
    <subfield code="o">F 610.7309 MAN B01778</subfield>
    <subfield code="p">BTIN-BK-1778</subfield>
    <subfield code="r">2023-04-11 00:00:00</subfield>
    <subfield code="v">34.00</subfield>
    <subfield code="w">2004-07-10</subfield>
    <subfield code="y">BK</subfield>
    <subfield code="z">B01778</subfield>
  </datafield>
  <datafield tag="952" ind1=" " ind2=" ">
    <subfield code="0">0</subfield>
    <subfield code="1">0</subfield>
    <subfield code="4">0</subfield>
    <subfield code="7">0</subfield>
    <subfield code="8">F</subfield>
    <subfield code="a">BTIN</subfield>
    <subfield code="b">BTIN</subfield>
    <subfield code="d">2005-07-26</subfield>
    <subfield code="e">B.J.Medical Co-oprative College Stores</subfield>
    <subfield code="g">45.00</subfield>
    <subfield code="i">590</subfield>
    <subfield code="l">0</subfield>
    <subfield code="o">F 610.7309 MAN B02679</subfield>
    <subfield code="p">BTIN-BK-2679</subfield>
    <subfield code="r">2023-04-11 00:00:00</subfield>
    <subfield code="v">34.00</subfield>
    <subfield code="w">2004-07-10</subfield>
    <subfield code="y">BK</subfield>
    <subfield code="z">B02679</subfield>
  </datafield>
  <datafield tag="952" ind1=" " ind2=" ">
    <subfield code="0">0</subfield>
    <subfield code="1">0</subfield>
    <subfield code="4">0</subfield>
    <subfield code="7">0</subfield>
    <subfield code="8">F</subfield>
    <subfield code="a">BTIN</subfield>
    <subfield code="b">BTIN</subfield>
    <subfield code="d">2007-11-27</subfield>
    <subfield code="e">M.K.S.S.S I.N.E.Ratnagiri.</subfield>
    <subfield code="g">45.00</subfield>
    <subfield code="i">590</subfield>
    <subfield code="l">0</subfield>
    <subfield code="o">F 610.7309 MAN B04405</subfield>
    <subfield code="p">BTIN-BK-4405</subfield>
    <subfield code="r">2023-04-11 00:00:00</subfield>
    <subfield code="v">45.00</subfield>
    <subfield code="w">2004-07-10</subfield>
    <subfield code="y">BK</subfield>
    <subfield code="z">B04405</subfield>
  </datafield>
  <datafield tag="952" ind1=" " ind2=" ">
    <subfield code="0">0</subfield>
    <subfield code="1">0</subfield>
    <subfield code="4">0</subfield>
    <subfield code="7">0</subfield>
    <subfield code="8">F</subfield>
    <subfield code="a">BTIN</subfield>
    <subfield code="b">BTIN</subfield>
    <subfield code="d">2007-11-27</subfield>
    <subfield code="e">M.K.S.S.S I.N.E.Ratnagiri.</subfield>
    <subfield code="g">45.00</subfield>
    <subfield code="i">590</subfield>
    <subfield code="l">0</subfield>
    <subfield code="o">F 610.7309 MAN B04406</subfield>
    <subfield code="p">BTIN-BK-4406</subfield>
    <subfield code="r">2023-04-11 00:00:00</subfield>
    <subfield code="v">45.00</subfield>
    <subfield code="w">2004-07-10</subfield>
    <subfield code="y">BK</subfield>
    <subfield code="z">B04406</subfield>
  </datafield>
</record>
